[Event "22nd EUR-ch (w)"]
[Site "Prague CZE"]
[Date "2022.08.31"]
[Round "11.48"]
[White "Folkova, Martina"]
[Black "Levitan, Ronit"]
[Result "1-0"]
[WhiteElo "1991"]
[BlackElo "2158"]
[EventDate "2022.08.20"]
[PlyCount "83"]

1.e4 e5 2.Nf3 Nc6 3.Bb5 a6 4.Ba4 Nf6 5.d3 b5 6.Bb3 Bc5 7.O-O d6 8.c3 Bb6 
9.a4 Rb8 10.axb5 axb5 11.Na3 Ba7 12.Nxb5 Rxb5 13.Ba4 Rb6 14.Bxc6+ Rxc6 15.
Rxa7 O-O 16.h3 h6 17.Be3 Ra6 18.Rxa6 Bxa6 19.c4 Nd7 20.Nd2 Qb8 21.Bxh6 
gxh6 22.Qg4+ Kh8 23.Qxd7 Qxb2 24.Qe7 Kg7 25.Nf3 Qe2 26.Nh4 Bc8 27.Nf5+ 
Bxf5 28.exf5 Rg8 29.f6+ Kg6 30.Qxc7 Qxd3 31.Re1 Kxf6 32.Re3 Qd1+ 33.Kh2 
Rg5 34.Rf3+ Rf5 35.Qd8+ Kg6 36.Qg8+ Kf6 37.Qh8+ Kg6 38.Qg8+ Kf6 39.Rxf5+ 
Kxf5 40.Qxf7+ Ke4 41.Qg6+ Kf4 42.g3+ 1-0

[Event "22nd EUR-ch (w)"]
[Site "Prague CZE"]
[Date "2022.08.31"]
[Round "11.49"]
[White "Spanko, Nadia"]
[Black "Head, Louise"]
[Result "1/2-1/2"]
[WhiteElo "2136"]
[BlackElo "2024"]
[EventDate "2022.08.20"]
[PlyCount "249"]

1.e4 c6 2.Nf3 d5 3.Nc3 Bg4 4.h3 Bxf3 5.Qxf3 e6 6.d4 Nf6 7.exd5 cxd5 8.Bd3 
a6 9.Ne2 Bd6 10.Bg5 Nbd7 11.O-O b5 12.c3 O-O 13.Rfd1 Qc7 14.Rac1 Rfc8 15.
b3 Rcb8 16.Rc2 a5 17.c4 bxc4 18.bxc4 dxc4 19.Rxc4 Qb7 20.Rc6 Bf8 21.Rdc1 
a4 22.Bf4 Rd8 23.Rb1 Qa7 24.Ra6 Qxa6 25.Bxa6 Rxa6 26.Nc3 a3 27.d5 exd5 28.
Nxd5 Rc8 29.Nc7 Ra4 30.Bg3 Rc4 31.Nb5 Rc2 32.Bd6 Rb2 33.Qd3 Rcc2 34.Rf1 
Rd2 35.Qxa3 Rxb5 36.Bxf8 Nxf8 37.Rc1 Rb8 38.Qa7 Rdd8 39.a4 Ra8 40.Qb6 Rd7 
41.a5 Rda7 42.Rc7 Rxa5 43.Qb7 N6d7 44.Rxd7 Nxd7 45.Qxd7 h6 46.Qc6 Rd8 47.
Qc7 Rad5 48.Qe7 R5d7 49.Qe3 Rc8 50.Kh2 Rd6 51.Kg1 Rf6 52.Qd2 Ra8 53.Qb2 h5
54.Qe5 Rh6 55.Kh2 h4 56.Qe4 Rc8 57.Kg1 Rh5 58.Kh2 g6 59.Qd4 Re8 60.Kg1 
Re1+ 61.Kh2 Re6 62.Kg1 Kh7 63.Kh2 Rh6 64.Qf4 Kg7 65.Qd4+ Rf6 66.Kg1 g5 67.
Qe5 Rg6 68.Qd4 Kh7 69.Qd7 Rf4 70.Qd5 Kg8 71.Qd8+ Kg7 72.Qd5 Rff6 73.Qe5 
Kh7 74.Qe7 Rf5 75.Qe4 Rgf6 76.Qd3 Kg7 77.Qe3 Kf8 78.Qa3+ Kg8 79.Qe3 Re6 
80.Qd2 Re8 81.Kh2 Ree5 82.Kg1 Rd5 83.Qe3 Rfe5 84.Qb3 Rb5 85.Qd3 Red5 86.
Qe3 Rf5 87.Qd2 Rb1+ 88.Kh2 Rf1 89.f3 Rb1 90.Qd8+ Kg7 91.Qd4+ Kh7 92.Qd3 
Rb5 93.Qe4 Re5 94.Qc2 Kg7 95.Qc3 Kf8 96.Qc8+ Kg7 97.Qc3 Kf6 98.Qd4 Kg6 99.
Qd3 Re6 100.Qc2 Rf6 101.Qd3 Kg7 102.Qd4 Rf4 103.Qe5 Kg6 104.Qb8 Kh7 105.
Qb1+ Kg7 106.Qb2 Kh7 107.Qc2+ Rg6 108.Qd3 Rf6 109.Qe4 Re6 110.Qd3 Re7 111.
Qc2 f6 112.Qc8 Kg7 113.Qd8 Rf7 114.Qd4 Rh6 115.Qc3 Rh8 116.Qd4 Rg8 117.f4 
Kh6 118.fxg5+ fxg5 119.Qd6+ Rg6 120.Qe5 Rgf6 121.Qe8 Kh7 122.Qe4+ Kg7 123.
Qe5 Kh6 124.Qe8 Kg7 125.Qe5 1/2-1/2

[Event "22nd EUR-ch (w)"]
[Site "Prague CZE"]
[Date "2022.08.31"]
[Round "11.50"]
[White "Dvorakova, Olga"]
[Black "Dwilewicz, Katarzyna"]
[Result "1/2-1/2"]
[WhiteElo "1921"]
[BlackElo "2131"]
[EventDate "2022.08.20"]
[PlyCount "158"]

1.d4 Nf6 2.c4 e6 3.Nf3 Bb4+ 4.Bd2 Qe7 5.Nc3 O-O 6.g3 Bxc3 7.Bxc3 Ne4 8.Rc1
Nxc3 9.Rxc3 b6 10.Bg2 Bb7 11.O-O d6 12.Qc2 f5 13.c5 Be4 14.Qc1 Na6 15.cxd6
cxd6 16.a3 Qd7 17.Nh4 Rac8 18.Bxe4 fxe4 19.Ng2 Nc7 20.Ne3 Nb5 21.Rxc8 Rxc8
22.Qd2 d5 23.f3 Nd6 24.Rc1 Rf8 25.Kg2 Qf7 26.f4 Qd7 27.Rc2 Qa4 28.Ng4 Nf5 
29.Rc3 Qxd4 30.Qxd4 Nxd4 31.Kf2 Re8 32.Ne5 h6 33.a4 b5 34.a5 b4 35.Rc7 a6 
36.e3 Nb3 37.Nc6 Kf8 38.Ra7 Nc5 39.Nxb4 Rb8 40.Nxa6 Rxb2+ 41.Kg1 Nxa6 42.
Rxa6 Kf7 43.Ra7+ Kg6 44.Kf1 Rxh2 45.a6 Ra2 46.g4 h5 47.gxh5+ Kxh5 48.Rxg7 
Rxa6 49.Kf2 Kh6 50.Rg8 Kh7 51.Rg5 Ra2+ 52.Kf1 Ra7 53.Ke2 Rg7 54.Re5 Rg2+ 
55.Ke1 Rg6 56.f5 Rg5 57.Rxe6 Rxf5 58.Rd6 Kg7 59.Kd2 Kf7 60.Ra6 Rf6 61.Ra7+
Ke6 62.Ra6+ Ke5 63.Ra8 Rf2+ 64.Ke1 Rb2 65.Re8+ Kd6 66.Rd8+ Kc5 67.Rc8+ Kb4
68.Kd1 Rb3 69.Kd2 Rd3+ 70.Ke2 Rc3 71.Rb8+ Kc4 72.Rc8+ Kb3 73.Rb8+ Kc2 74.
Rb5 Rd3 75.Rc5+ Kb3 76.Rb5+ Kc4 77.Rb8 Rb3 78.Rc8+ Kb4 79.Rb8+ Kc4 1/2-1/2

[Event "22nd EUR-ch (w)"]
[Site "Prague CZE"]
[Date "2022.08.31"]
[Round "11.51"]
[White "Schloffer, Jasmin-Denise"]
[Black "Bashylina, Luisa"]
[Result "1/2-1/2"]
[WhiteElo "2127"]
[BlackElo "2018"]
[EventDate "2022.08.20"]
[PlyCount "54"]

1.d4 Nf6 2.c4 g6 3.Nc3 d5 4.Nf3 Bg7 5.Bg5 Ne4 6.cxd5 Nxg5 7.Nxg5 e6 8.Qd2 
exd5 9.Qe3+ Kf8 10.Qf4 Bf6 11.h4 h6 12.Nf3 Kg7 13.e3 Be6 14.Bd3 c5 15.dxc5
Nd7 16.O-O Nxc5 17.Bc2 Qb6 18.Nd4 Rhe8 19.Rfd1 Rad8 20.Bb3 Nxb3 21.axb3 a6
22.Rd2 h5 23.Na4 Qd6 24.Qxd6 Rxd6 25.g3 Rc8 26.Nc3 Rb6 27.Nce2 Rc7 1/2-1/2

[Event "22nd EUR-ch (w)"]
[Site "Prague CZE"]
[Date "2022.08.31"]
[Round "11.52"]
[White "Sochorova, Petra"]
[Black "Tsotsonava, Elene"]
[Result "1/2-1/2"]
[WhiteElo "2019"]
[BlackElo "1858"]
[EventDate "2022.08.20"]
[PlyCount "99"]

1.e4 e5 2.Nf3 Nc6 3.Bb5 a6 4.Ba4 Nf6 5.O-O b5 6.Bb3 Be7 7.Re1 O-O 8.d4 
Nxd4 9.Nxd4 exd4 10.e5 Ne8 11.c3 d6 12.cxd4 Bb7 13.Qe2 c5 14.dxc5 dxc5 15.
Nc3 Nc7 16.Qg4 Qd4 17.Ne4 h5 18.Qf5 Ne6 19.Nf6+ Bxf6 20.exf6 g6 21.Qe5 c4 
22.Qxd4 Nxd4 23.Bd1 Rfe8 24.Be3 Rad8 25.Rc1 Nf5 26.Bd2 Rxe1+ 27.Bxe1 Re8 
28.Bc3 Be4 29.f3 Bd3 30.Kf2 Ne3 31.Bd4 Nxd1+ 32.Rxd1 Re2+ 33.Kg3 Kf8 34.
Bc3 Ke8 35.Re1 Kd7 36.Rxe2 Bxe2 37.Kf4 Ke6 38.h4 a5 39.Bxa5 Kxf6 40.Bc3+ 
Ke6 41.g4 f5 42.Ke3 Bd1 43.gxh5 gxh5 44.Kf4 Be2 45.Bb4 Bd1 46.Ke3 Kd5 47.
Bf8 Ke6 48.Bb4 Kd5 49.f4 Bc2 50.Bf8 1/2-1/2

[Event "22nd EUR-ch (w)"]
[Site "Prague CZE"]
[Date "2022.08.31"]
[Round "11.53"]
[White "Sankova, Stella"]
[Black "Petrova, Irina"]
[Result "1/2-1/2"]
[WhiteElo "2067"]
[BlackElo "2127"]
[EventDate "2022.08.20"]
[PlyCount "67"]

1.e4 d6 2.d4 g6 3.Nc3 Bg7 4.f4 a6 5.Nf3 b5 6.Bd3 Nd7 7.O-O c5 8.dxc5 Nxc5 
9.Be3 Bb7 10.Bxc5 dxc5 11.e5 Qb6 12.Be4 Rd8 13.Qe2 Nh6 14.a4 Bxe4 15.Nxe4 
O-O 16.axb5 axb5 17.Qf2 Qc6 18.Rfe1 Rc8 19.Ra7 Rfe8 20.Qe2 Ra8 21.Rea1 
Rxa7 22.Rxa7 f6 23.c4 Qb6 24.Rd7 Nf7 25.exf6 Bxf6 26.Nxf6+ Qxf6 27.cxb5 
Kf8 28.g3 c4 29.Ne5 Qb6+ 30.Kf1 Qe6 31.Rd4 Nd6 32.Nxc4 Qh3+ 33.Qg2 Qf5 34.
Ne3 1/2-1/2

[Event "22nd EUR-ch (w)"]
[Site "Prague CZE"]
[Date "2022.08.31"]
[Round "11.54"]
[White "Katter, Katharina"]
[Black "Hnatyshyn, Anastasiia"]
[Result "0-1"]
[WhiteElo "1960"]
[BlackElo "2061"]
[EventDate "2022.08.20"]
[PlyCount "82"]

1.d4 d5 2.Bf4 Nf6 3.e3 e6 4.c3 c5 5.Nd2 Nc6 6.Ngf3 Be7 7.Ne5 Nxe5 8.dxe5 
Nd7 9.Bd3 Qc7 10.Nf3 b6 11.Qe2 Bb7 12.e4 c4 13.Bc2 dxe4 14.Bxe4 Bxe4 15.
Qxe4 O-O 16.O-O b5 17.Be3 h6 18.a4 Bc5 19.axb5 Bxe3 20.Qxe3 Rfb8 21.Qe4 
Qb7 22.Qxc4 Qxb5 23.Qd4 Nc5 24.Rad1 Na4 25.b4 Rc8 26.Rd3 Nb2 27.Rd2 Na4 
28.Rd3 Nb2 29.Rd2 Na4 30.Rc1 Rc4 31.Qe3 Rac8 32.Nd4 Qxb4 33.h4 Nxc3 34.g3 
Nd5 35.Rxc4 Rxc4 36.Qd3 Rc3 37.Qe2 Rc1+ 38.Kg2 Qb7 39.Qe4 Re1 40.Qxe1 Ne3+
41.Kh3 Qg2# 0-1

[Event "22nd EUR-ch (w)"]
[Site "Prague CZE"]
[Date "2022.08.31"]
[Round "11.55"]
[White "Orian, Noga"]
[Black "Koubova, Anna Marie"]
[Result "1/2-1/2"]
[WhiteElo "1855"]
[BlackElo "2122"]
[EventDate "2022.08.20"]
[PlyCount "74"]

1.d4 Nf6 2.c4 e6 3.Nf3 d5 4.g3 Bb4+ 5.Bd2 Be7 6.Bg2 O-O 7.O-O c6 8.Bc3 b6 
9.Nbd2 Bb7 10.Ne5 c5 11.Qa4 Qc7 12.cxd5 Nxd5 13.e4 Nxc3 14.bxc3 Nc6 15.
Nxc6 Bxc6 16.Qc2 Qb7 17.Nb3 cxd4 18.cxd4 Rac8 19.Qe2 Rfd8 20.Rad1 a6 21.
Qb2 Bxe4 22.Na5 Qd5 23.Bxe4 Qxe4 24.Qxb6 Rc2 25.Qxa6 Rxa2 26.Qc6 Qf5 27.
Nb7 Rd5 28.Qe8+ Bf8 29.Rc1 Rc2 30.Ra1 Qh3 31.Ra8 h6 32.Qxf8+ Kh7 33.Qxf7 
Rh5 34.Qg8+ Kg6 35.Qe8+ Kh7 36.Qg8+ Kg6 37.Qe8+ Kh7 1/2-1/2

[Event "22nd EUR-ch (w)"]
[Site "Prague CZE"]
[Date "2022.08.31"]
[Round "11.57"]
[White "Shatil, Or"]
[Black "Trasakova, Adela"]
[Result "1/2-1/2"]
[WhiteElo "1842"]
[BlackElo "1862"]
[EventDate "2022.08.20"]
[PlyCount "46"]

1.e4 c6 2.d4 d5 3.e5 Bf5 4.h4 h5 5.Bd3 Bxd3 6.Qxd3 e6 7.Bg5 Be7 8.Nf3 Qa5+
9.Nbd2 Bxg5 10.Nxg5 Ne7 11.O-O Nf5 12.g3 g6 13.c3 O-O 14.Kg2 Nd7 15.Rh1 c5
16.Ndf3 Rac8 17.Rhc1 Rc6 18.Nd2 Rfc8 19.Nb3 Qc7 20.Nxc5 Nxc5 21.dxc5 Rxc5 
22.Re1 Qc6 23.Nf3 Rb5 1/2-1/2

[Event "22nd EUR-ch (w)"]
[Site "Prague CZE"]
[Date "2022.08.31"]
[Round "11.58"]
[White "Kordzadze, Nino"]
[Black "Soares, Sara Joana de Moura pe"]
[Result "1-0"]
[WhiteElo "1993"]
[BlackElo "1648"]
[EventDate "2022.08.20"]
[PlyCount "55"]

1.Nf3 Nf6 2.d4 d5 3.b3 e6 4.Bb2 Be7 5.e3 O-O 6.Bd3 Nbd7 7.O-O c5 8.Nbd2 b6
9.Ne5 Bb7 10.f4 Rc8 11.Qe2 Rc7 12.a4 cxd4 13.exd4 Rc8 14.Rae1 Re8 15.Rf3 
Qc7 16.Rh3 g6 17.c3 Nh5 18.Rxh5 gxh5 19.Qxh5 Nf8 20.Bxh7+ Kh8 21.Bd3+ Kg7 
22.Qxf7+ Kh8 23.Re3 Bh4 24.Qh5+ Nh7 25.Qxh4 Rg8 26.Bxh7 Qxh7 27.Nf7+ Kg7 
28.Rg3+ 1-0

[Event "22nd EUR-ch (w)"]
[Site "Prague CZE"]
[Date "2022.08.31"]
[Round "11.59"]
[White "Pribylova, Sofie"]
[Black "Kochavi, Dana"]
[Result "1-0"]
[WhiteElo "1981"]
[BlackElo "1894"]
[EventDate "2022.08.20"]
[PlyCount "33"]

1.d4 Nf6 2.Bf4 e6 3.e3 d5 4.Nf3 c5 5.Nbd2 Nc6 6.c3 a6 7.Bd3 Be7 8.Ne5 Nxe5
9.dxe5 Nd7 10.Qe2 O-O 11.h4 Re8 12.Nf3 f6 13.Bxh7+ Kxh7 14.Ng5+ Kg8 15.Qh5
Nf8 16.Qf7+ Kh8 17.h5 1-0